00345nam a2200133Ia 4500008004100000041000800041082001600049100001800065245004700083260004100130300000900171650001200180999001900192230724s1967 xx 000 0 und d aeng a348.048/CHA aChaitely D.V. aAll India Reporter -1967 MP,Madras,Manipur aNagpurbThe All India Reporterc1967 a45p. aREPORTS c742893d742893